000 00855cab a2200229 4500
001 WB3215-01
008 090401t1996 xxu||||| |||| 00| 0 eng d
035 _a(Sirsi) u69599
041 _aeng
245 _aDispute resolution
260 _c1996
350 _a0
490 _aRICS Press Release
_v(PR41.arb) 9 April 1996, (2)
520 _aThe scope of the RICS dispute resolution appointments service is expanding. The new service will include the appointment of adjudicators and mediators as well as arbitrators and independent experts.
650 _aALTERNATIVE DISPUTE RESOLUTION
650 _aDISPUTE RESOLUTION
_96236
650 _aRICS DISPUTE RESOLUTION SERVICE
650 _aRICS
690 _aMANAGEMENT-DISPUTE AVOIDANCE, MANAGEMENT AND RESOLUTION-DISPUTE MANAGEMENT AND RESOLUTION-ARBITRATION
942 _n0
948 _c04/03/1997
999 _c43721
_d43721